[Event "UZB-ch 1st League"]
[Site "Tashkent"]
[Date "2009.04.22"]
[Round "12"]
[White "Faizulaev, Akmal"]
[Black "Karimov, Farukh"]
[Result "1/2-1/2"]
[WhiteElo "2275"]
[BlackElo "2199"]
[PlyCount "91"]
[EventDate "2009.04.11"]
[EventType "tourn"]
[EventRounds "13"]
[EventCountry "UZB"]
[SourceTitle "CBM 130 Extra"]
[Source "ChessBase"]
[SourceDate "2009.07.02"]
[SourceVersion "2"]
[SourceVersionDate "2009.07.15"]
[SourceQuality "1"]

1. d4 Nf6 2. Nf3 c5 3. d5 d6 4. c4 g6 5. Nc3 Bg7 6. e4 0-0 7. h3 e6 8. Bd3 exd5 9. cxd5 Re8 10. 0-0 b6 11. Bf4 a6 12. a4 Nh5 13. Bh2 Qf6 14. Re1 Nd7 15. Bf1 Ne5 16. Bxe5 dxe5 17. Nd2 Bd7 18. d6 Be6 19. Nc4 Bxc4 20. Bxc4 Red8 21. d7 Nf4 22. Nd5 Nxd5 23. Qxd5 Ra7 24. Red1 Qe7 25. Qc6 Raxd7 26. Rxd7 Rxd7 27. Qxb6 Rb7 28. Qxa6 Rxb2 29. Bd5 Bh6 30. Qc8+ Kg7 31. Qg4 Bd2 32. Qf3 Ba5 33. Kh1 Rb4 34. Qe2 Qd7 35. Qc2 Qc7 36. Bc4 Qd6 37. Bd5 Qb6 38. Rc1 c4 39. Bxc4 Rb2 40. Qd3 Qxf2 41. Qf3 Qxf3 42. gxf3 Rf2 43. Rf1 Rc2 44. Bb5 f5 45. exf5 gxf5 46. Bd3 1/2-1/2

[Event "UZB-ch 1st League"]
[Site "Tashkent"]
[Date "2009.04.20"]
[Round "10"]
[White "Saidov, Beqali"]
[Black "Karimov, Farukh"]
[Result "1-0"]
[WhiteElo "2345"]
[BlackElo "2199"]
[PlyCount "111"]
[EventDate "2009.04.11"]
[EventType "tourn"]
[EventRounds "13"]
[EventCountry "UZB"]
[SourceTitle "CBM 130 Extra"]
[Source "ChessBase"]
[SourceDate "2009.07.02"]
[SourceVersion "2"]
[SourceVersionDate "2009.07.15"]
[SourceQuality "1"]

1. d4 c5 2. d5 e5 3. e4 d6 4. Nc3 a6 5. f4 exf4 6. Bxf4 Ne7 7. Nf3 Ng6 8. Bg3 Bg4 9. Be2 Nd7 10. h4 h5 11. e5 dxe5 12. Ng5 Bxe2 13. Qxe2 Bd6 14. Nce4 Nf6 15. 0-0 Rh6 16. Nxf6+ gxf6 17. Ne4 Nf8 18. Rf5 Qe7 19. Rxh5 Rg6 20. Rf5 0-0-0 21. h5 Rh6 22. Qg4 Nd7 23. Bh4 Kc7 24. Raf1 Qf8 25. Nxf6 Nxf6 26. Bxf6 Rd7 27. Bg7 Qg8 28. Rg5 f6 29. Bxf6 Qxd5 30. Rg7 Qd4+ 31. Qxd4 cxd4 32. g4 Rh7 33. Rxh7 Rxh7 34. Rf5 e4 35. Bxd4 Kd7 36. Kf2 Bh2 37. Rg5 Rf7+ 38. Ke2 Kd6 39. c4 Bf4 40. Rg6+ Ke7 41. Rg7 Rxg7 42. Bxg7 Kf7 43. Bd4 Bg5 44. b3 Bf4 45. Be3 Be5 46. g5 Kg7 47. Kf2 Kf7 48. Kg2 Ke6 49. g6 Kf5 50. Bh6 Kf6 51. Kh3 Bd4 52. Kg4 Bc3 53. Bg5+ Ke6 54. h6 e3 55. Bxe3 Bf6 56. Kh5 1-0

[Event "UZB-ch 1st League"]
[Site "Tashkent"]
[Date "2009.04.17"]
[Round "7"]
[White "Karimov, Farukh"]
[Black "Vakhidov, Jahongir"]
[Result "1-0"]
[WhiteElo "2199"]
[BlackElo "2207"]
[PlyCount "105"]
[EventDate "2009.04.11"]
[EventType "tourn"]
[EventRounds "13"]
[EventCountry "UZB"]
[SourceTitle "CBM 130 Extra"]
[Source "ChessBase"]
[SourceDate "2009.07.02"]
[SourceVersion "2"]
[SourceVersionDate "2009.07.15"]
[SourceQuality "1"]

1. e4 c5 2. Nc3 Nc6 3. f4 g6 4. Nf3 Bg7 5. Bc4 e6 6. 0-0 Nge7 7. Qe1 0-0 8. d3 d5 9. Bb3 Na5 10. a3 Nxb3 11. cxb3 f5 12. e5 Qb6 13. b4 Qa6 14. b5 Qb6 15. b4 cxb4+ 16. Be3 Qc7 17. axb4 b6 18. Nd4 Bd7 19. Qd2 g5 20. g3 Ng6 21. Nce2 Qb7 22. Qa2 gxf4 23. gxf4 Bh6 24. Kf2 Kh8 25. h4 Rg8 26. Rh1 Ne7 27. Rhg1 Rxg1 28. Nxg1 Ng6 29. h5 Nf8 30. Qa6 Qc7 31. Rc1 Qd8 32. Ngf3 Bc8 33. Qa4 Bb7 34. Rg1 a6 35. Qa2 axb5 36. Qb2 Bg7 37. h6 Bxh6 38. Nxf5 Ra2 39. Qxa2 exf5 40. Qa7 Qe7 41. Qxb6 Ne6 42. Qd6 Bf8 43. Qxe7 Bxe7 44. Nd4 Ng7 45. Rc1 Ne8 46. Nxf5 Bxb4 47. Bd4 h5 48. Rb1 Bf8 49. Rxb5 Bc6 50. Rb6 Ba4 51. e6+ Kg8 52. e7 Bg7 53. Nxg7 1-0

[Event "UZB-ch 1st League"]
[Site "Tashkent"]
[Date "2009.04.13"]
[Round "3"]
[White "Karimov, Farukh"]
[Black "Kholmirzaev, Bakhodir"]
[Result "1/2-1/2"]
[WhiteElo "2199"]
[BlackElo "2265"]
[PlyCount "132"]
[EventDate "2009.04.11"]
[EventType "tourn"]
[EventRounds "13"]
[EventCountry "UZB"]
[SourceTitle "CBM 130 Extra"]
[Source "ChessBase"]
[SourceDate "2009.07.02"]
[SourceVersion "2"]
[SourceVersionDate "2009.07.15"]
[SourceQuality "1"]

1. e4 c5 2. Nf3 Nc6 3. d4 cxd4 4. Nxd4 Nf6 5. Nc3 e5 6. Ndb5 d6 7. Bg5 a6 8. Na3 b5 9. Nd5 Be7 10. Bxf6 Bxf6 11. c4 b4 12. Nc2 Rb8 13. b3 Bg5 14. Be2 0-0 15. Bg4 Be6 16. 0-0 Qd7 17. h3 g6 18. a3 bxa3 19. Rxa3 a5 20. Nc3 Be7 21. Qe2 h5 22. Bf3 Bd8 23. Rd1 Bb6 24. Nb5 Bc5 25. Raa1 Qe7 26. Rd3 Kg7 27. Qd2 Nb4 28. Nxb4 Bxb4 29. Qd1 Rbd8 30. Bxh5 Qh4 31. Bf3 f5 32. Qe2 Bc5 33. Nc3 Rb8 34. Nd1 Ra8 35. exf5 Bxf5 36. Bxa8 Rxa8 37. Ne3 Bxd3 38. Qxd3 Bd4 39. Ra2 Rf8 40. Ng4 Bc5 41. Rxa5 Bxf2+ 42. Nxf2 Qxf2+ 43. Kh2 Rf6 44. Qe4 Rf4 45. Qd5 Rf6 46. Qd3 Qf4+ 47. Qg3 Qd4 48. Rd5 Qe4 49. Qg5 Kf7 50. Rd2 Rf5 51. Qg3 Rf6 52. Rf2 Qd4 53. Rxf6+ Kxf6 54. Qf3+ Kg7 55. Qb7+ Kh6 56. Qd5 Qf4+ 57. Kg1 e4 58. Qd4 Kh7 59. b4 Qc1+ 60. Kf2 Qc2+ 61. Ke3 Qxg2 62. Qxe4 Qxh3+ 63. Kd4 Qd7 64. b5 Qa7+ 65. Kd5 Qb7+ 66. Kd4 Qa7+ 1/2-1/2

[Event "UZB-ch U20"]
[Site "Tashkent"]
[Date "2007.09.13"]
[Round "2"]
[White "Karimov, Farukh"]
[Black "Ohunov, Bobur"]
[Result "1-0"]
[WhiteElo "2254"]
[BlackElo "2224"]
[PlyCount "74"]
[EventDate "2007.09.13"]
[EventType "tourn"]
[EventRounds "9"]
[EventCountry "UZB"]
[SourceTitle "EXT 2015"]
[Source "ChessBase"]
[SourceDate "2014.11.20"]
[SourceVersion "1"]
[SourceVersionDate "2014.11.20"]
[SourceQuality "1"]

1. d4 d5 2. Nc3 Nf6 3. Bg5 c6 4. Qd3 Nbd7 5. Nf3 g6 6. e4 dxe4 7. Nxe4 Bg7 8. Ng3 0-0 9. Be2 Re8 10. 0-0 Nf8 11. c4 Bg4 12. Rad1 Ne6 13. Be3 Qc7 14. h3 Bxf3 15. Bxf3 Red8 16. Qb3 Rd7 17. d5 cxd5 18. cxd5 Nc5 19. Qb5 Na6 20. d6 exd6 21. Rc1 Qd8 22. Bxb7 Rb8 23. Qxa6 Rbxb7 24. Rc6 Nd5 25. Rxd6 Rxb2 26. Rxd7 Qxd7 27. Rd1 Qe6 28. Qa3 h5 29. Bxa7 Nf4 30. Qe3 Rxa2 31. Qxf4 Be5 32. Qe3 Bxg3 33. Qxg3 Kh7 34. Be3 Ra8 35. Qf4 f5 36. Rd6 Ra1+ 37. Kh2 g5 1-0

[Event "UZB-ch 1st League"]
[Site "Tashkent"]
[Date "2007.04.12"]
[Round "8"]
[White "Karimov, Farukh"]
[Black "Galyamov, Vildan"]
[Result "0-1"]
[WhiteElo "2262"]
[BlackElo "2238"]
[PlyCount "142"]
[EventDate "2007.04.05"]
[EventType "tourn"]
[EventRounds "11"]
[EventCountry "UZB"]
[EventCategory "1"]
[SourceTitle "EXT 2015"]
[Source "ChessBase"]
[SourceDate "2014.11.20"]
[SourceVersion "1"]
[SourceVersionDate "2014.11.20"]
[SourceQuality "1"]

1. e4 c5 2. Nc3 Nc6 3. Nge2 Nf6 4. Ng3 e6 5. f4 d5 6. e5 Nd7 7. Bb5 Qc7 8. d3 a6 9. Bxc6 Qxc6 10. Qe2 b5 11. 0-0 g6 12. Nd1 Bb7 13. c3 h5 14. d4 h4 15. Nh1 cxd4 16. cxd4 Qc4 17. Qe3 b4 18. b3 Qc7 19. Bd2 a5 20. Nb2 Ba6 21. Rfc1 Qb7 22. Nf2 Be7 23. Nfd3 Bb5 24. Rc2 Rc8 25. Rxc8+ Qxc8 26. Rc1 Qb7 27. Ne1 Nb8 28. h3 Kd7 29. Nf3 Rc8 30. Be1 Rxc1 31. Qxc1 Nc6 32. Qd2 Qa7 33. Bf2 a4 34. bxa4 Bxa4 35. Qd3 Qa5 36. Nxa4 Qxa4 37. Qb3 Qb5 38. Qb2 Qc4 39. Qd2 Na7 40. Nxh4 Nb5 41. Nf3 Nc3 42. Qb2 Ne2+ 43. Kh2 Nxf4 44. Be3 Qe2 45. Qxe2 Nxe2 46. Bd2 Kc6 47. g4 Kb5 48. h4 Kc4 49. Be3 Kd3 50. Bf2 Ke4 51. Kg2 Nc3 52. h5 gxh5 53. gxh5 Kf5 54. Be3 Nxa2 55. Nd2 Nc3 56. Kf3 Ne4 57. Nb3 Bg5 58. Na5 Nd2+ 59. Bxd2 Bxd2 60. Ke2 Bc3 61. Nc6 b3 62. Kd3 b2 63. Kc2 Kg5 64. Nd8 Kxh5 65. Nxf7 Kg6 66. Nd8 Kf5 67. Nc6 Ke4 68. Nd8 Bxd4 69. Nxe6 Bxe5 70. Nc5+ Ke3 71. Nd3 b1Q+ 0-1

[Event "UZB-ch 1st League"]
[Site "Tashkent"]
[Date "2007.04.10"]
[Round "6"]
[White "Karimov, Farukh"]
[Black "Kasyan, Aleksandr"]
[Result "0-1"]
[WhiteElo "2262"]
[BlackElo "2267"]
[PlyCount "120"]
[EventDate "2007.04.05"]
[EventType "tourn"]
[EventRounds "11"]
[EventCountry "UZB"]
[EventCategory "1"]
[SourceTitle "EXT 2015"]
[Source "ChessBase"]
[SourceDate "2014.11.20"]
[SourceVersion "1"]
[SourceVersionDate "2014.11.20"]
[SourceQuality "1"]

1. e4 e6 2. d4 d5 3. Nc3 Bb4 4. e5 Ne7 5. a3 Bxc3+ 6. bxc3 b6 7. Qg4 Ng6 8. h4 h5 9. Qg3 Ba6 10. Bxa6 Nxa6 11. Ne2 Qd7 12. a4 Nb8 13. Qf3 Ne7 14. g4 hxg4 15. Qxg4 Rh7 16. Ng3 Nbc6 17. Bg5 0-0-0 18. a5 Rf8 19. Qe2 f6 20. exf6 gxf6 21. Qa6+ Kb8 22. axb6 fxg5 23. bxa7+ Ka8 24. Rb1 Qc8 25. Qd3 Rxh4 26. 0-0 Nxa7 27. Ra1 Nec6 28. Rfb1 Nb8 29. Qb5 Rh7 30. Qc5 c6 31. Ra4 Rff7 32. Rba1 Rb7 33. c4 Rhc7 34. Qa3 Nd7 35. c5 Qf8 36. Qe3 Qf6 37. c4 e5 38. cxd5 cxd5 39. Ra6 Rc6 40. dxe5 Qxe5 41. Qxe5 Nxe5 42. Rxc6 Nexc6 43. Rd1 Ne7 44. Ne2 Rb4 45. Nd4 Rc4 46. f3 Kb7 47. Kf2 Rxc5 48. Rb1+ Kc8 49. Ne6 Rc2+ 50. Kg3 Re2 51. Nxg5 Nac6 52. f4 d4 53. Kf3 Re3+ 54. Kf2 Rc3 55. Ne4 Rc2+ 56. Kf3 Nd5 57. f5 Ne5+ 58. Kg3 Nc3 59. Re1 Ne2+ 60. Kf2 Nd3+ 0-1

[Event "UZB-ch 1st League"]
[Site "Tashkent"]
[Date "2007.04.08"]
[Round "4"]
[White "Karimov, Farukh"]
[Black "Daurimbetov, Azamat"]
[Result "0-1"]
[WhiteElo "2262"]
[BlackElo "2301"]
[PlyCount "64"]
[EventDate "2007.04.05"]
[EventType "tourn"]
[EventRounds "11"]
[EventCountry "UZB"]
[EventCategory "1"]
[SourceTitle "EXT 2015"]
[Source "ChessBase"]
[SourceDate "2014.11.20"]
[SourceVersion "1"]
[SourceVersionDate "2014.11.20"]
[SourceQuality "1"]

1. e4 e5 2. Nf3 Nc6 3. Bb5 a6 4. Ba4 Nf6 5. 0-0 Nxe4 6. Bxc6 dxc6 7. Qe2 Nc5 8. Qxe5+ Ne6 9. Re1 Be7 10. Nc3 0-0 11. d3 Bf6 12. Qg3 c5 13. Ne4 b6 14. Bf4 Bxb2 15. Rab1 Bd4 16. c3 Nxf4 17. Qxf4 Bf6 18. Nxf6+ Qxf6 19. Qxf6 gxf6 20. Re7 Bf5 21. Rxc7 b5 22. Rxc5 Bxd3 23. Rd1 Bc4 24. Rd6 Rfd8 25. Rcc6 Rxd6 26. Rxd6 Bxa2 27. Rxf6 Be6 28. Nd4 Rc8 29. Rf3 b4 30. Re3 b3 31. Re1 b2 32. Rb1 Rxc3 0-1

[Event "UZB-ch U20"]
[Site "Tashkent"]
[Date "2006.09.29"]
[Round "13"]
[White "Karimov, Farukh"]
[Black "Pak, Yevgeniy"]
[Result "1-0"]
[WhiteElo "2302"]
[BlackElo "2232"]
[PlyCount "71"]
[EventDate "2006.09.17"]
[EventType "tourn"]
[EventRounds "13"]
[EventCountry "UZB"]
[SourceTitle "EXT 2015"]
[Source "ChessBase"]
[SourceDate "2014.11.20"]
[SourceVersion "1"]
[SourceVersionDate "2014.11.20"]
[SourceQuality "1"]

1. e4 c5 2. Nf3 Nc6 3. c4 e5 4. d3 Be7 5. Nc3 d6 6. Be2 f5 7. exf5 Bxf5 8. Nd2 Nf6 9. Nde4 0-0 10. 0-0 Qd7 11. Ng3 Be6 12. f4 exf4 13. Bxf4 Ng4 14. Nd5 Bf6 15. Nxf6+ Rxf6 16. Ne4 Rg6 17. h3 Nge5 18. Bh5 Rxg2+ 19. Kxg2 Bxh3+ 20. Kg1 Bxf1 21. Bxe5 Rf8 22. Qg4 Qxg4+ 23. Bxg4 Bxd3 24. Be6+ Kh8 25. Bxd6 Rd8 26. Ng5 Bg6 27. Bxc5 Ne5 28. Rf1 h6 29. Nf7+ Nxf7 30. Bxf7 Be4 31. Bxa7 Ra8 32. Bd4 Rxa2 33. Bd5 Bxd5 34. cxd5 Ra5 35. Rd1 Kg8 36. Bb6 1-0

[Event "UZB-ch U20"]
[Site "Tashkent"]
[Date "2006.09.21"]
[Round "5"]
[White "Mustafaev, Jamshid"]
[Black "Karimov, Farukh"]
[Result "0-1"]
[WhiteElo "2180"]
[BlackElo "2302"]
[PlyCount "114"]
[EventDate "2006.09.17"]
[EventType "tourn"]
[EventRounds "13"]
[EventCountry "UZB"]
[SourceTitle "EXT 2015"]
[Source "ChessBase"]
[SourceDate "2014.11.20"]
[SourceVersion "1"]
[SourceVersionDate "2014.11.20"]
[SourceQuality "1"]

1. e4 c5 2. Nf3 a6 3. Nc3 e6 4. d4 cxd4 5. Nxd4 Qc7 6. Bd3 Nf6 7. 0-0 Nc6 8. Be3 b5 9. f4 Bc5 10. Nf5 Qb6 11. Nd6+ Kf8 12. Bf2 Nb4 13. e5 Nxd3 14. Qxd3 Bxf2+ 15. Kh1 Bc5 16. Nxc8 Rxc8 17. exf6 gxf6 18. Rad1 d5 19. f5 Be7 20. Ne2 e5 21. Qxd5 Rxc2 22. Ng3 Qc6 23. Qxc6 Rxc6 24. Rc1 Rxc1 25. Rxc1 Kg7 26. Rc7 Rd8 27. Kg1 Rd1+ 28. Kf2 Bd8 29. Rc2 Bb6+ 30. Ke2 Ra1 31. b3 Kf8 32. Ne4 Ke7 33. Rc6 Rxa2+ 34. Kf3 Bd4 35. Rc7+ Kf8 36. Nd6 Rb2 37. Rxf7+ Kg8 38. Rd7 Rxb3+ 39. Ke4 Bg1 40. Kd5 Bxh2 41. Ne4 Rd3+ 42. Ke6 Rxd7 43. Nxf6+ Kh8 44. Nxd7 e4 45. f6 Bf4 46. Kf5 Bh6 47. Kxe4 Kg8 48. Ne5 b4 49. Nc4 b3 50. Kf5 a5 51. Ke6 Bf8 52. Nb2 Ba3 53. Nc4 Bb4 54. f7+ Kf8 55. Nb2 Bc3 56. Na4 Bd4 57. Kd5 b2 0-1

[Event "UZB-ch U20"]
[Site "Tashkent"]
[Date "2006.09.17"]
[Round "1"]
[White "Khamroev, Ravshan"]
[Black "Karimov, Farukh"]
[Result "1-0"]
[WhiteElo "2044"]
[BlackElo "2302"]
[PlyCount "72"]
[EventDate "2006.09.17"]
[EventType "tourn"]
[EventRounds "13"]
[EventCountry "UZB"]
[SourceTitle "EXT 2015"]
[Source "ChessBase"]
[SourceDate "2014.11.20"]
[SourceVersion "1"]
[SourceVersionDate "2014.11.20"]
[SourceQuality "1"]

1. e4 c5 2. Nf3 a6 3. c3 d5 4. exd5 Qxd5 5. d4 Nf6 6. Be2 g6 7. 0-0 cxd4 8. Nxd4 Bg7 9. Be3 0-0 10. Nd2 Qd8 11. Bf3 Nd5 12. Bg5 h6 13. Bh4 g5 14. Bg3 e5 15. N4b3 f5 16. Nc4 e4 17. Bd6 Ne7 18. Be2 Nbc6 19. a4 Kh8 20. a5 Be6 21. Nc5 Nd4 22. Nxe6 Nxe6 23. Nb6 Ra7 24. Bc4 Nf4 25. Bc5 Qe8 26. Qd7 Nfg6 27. Rfd1 Nc6 28. Qxe8 Rxe8 29. Bf7 Re5 30. Bd6 Nf4 31. Bxe5 Bxe5 32. Rd7 Nd3 33. Bd5 Nb8 34. Rd8+ Kg7 35. Nc8 Ra8 36. Bxb7 Nc6 1-0